000 02662nam a2200457Ia 4500
001 dia_6309
003 CHAP
005 20230313115358.0
006 m||||fq||d| 0| 0
007 ta
008 220117r20102015mx ao f 001 0 spa d
010 _a177476
020 _a970-91972-1-5
040 _cCHAP
_amxchpua
050 _aTS198.3P3
_b. R63 2010
082 _a676.32
_bR63 2010
_220
100 1 _aRodríguez Tarango, José Antonio
_9153250
245 1 0 _aEnvases y embalajes de cartón :
_btecnología y desarrollos /
_cJosé Antonio Rodríguez Tarango ; ilustración Magali Peña Del Olmo y Gonzalo Mingramm M.
246 1 _aEnvases y embalajes de cartón : desarrollos y tecnología
_iSubtítulo invertido
260 _aMéxico :
_bInstituto Mexicano de Profesionales en Envase y Embalaje,
_c2010
300 _a1 v. (paginación variada) :
_bilustraciones, tablas, fotos +
_e1 CD
490 _aSerie A : Aplicaciones e investigaciones en envase y embalaje (IMPEE)
500 _aEl ejemplar 2 es la reimpresión 2015
504 _aIncluye bibliografía
520 _aLa gama de posibilidades en las formas y diseños en cajas de cartón es tan amplia como la imaginación del diseñador y las posibilidades técnicas del fabricante (que cada vez son mayores), por lo que ahora hemos publicado un libro con una cantidad nunca antes vista de casi 550 diseños, así mismo hemos decidido que un libro de esta naturaleza resultaría incompleto si tan solo plasmáramos los diseños de cada envase sin considerar los elementos técnicos en el proceso de fabricación de los mismos, por lo que se han incluido capítulos donde se revisa el proceso de manufactura, los materiales comúnmente utilizados, las reglas escritas y no escritas de diseño, los sistemas de impresión con sus posibilidades y limitaciones, sus acabados y, muy importante, en función de que se debe elegir un diseño u otro.
650 1 3 _aCajas
_xDiseño y construcción
_9161301
650 1 3 _aCartón
_919659
650 1 3 _aEmbalaje
_xDiseño
_9161303
650 1 3 _aRecipientes
_xDiseño y construcción
_9160610
650 1 3 _aBoxes
_xDesign and construction
_9161300
650 1 3 _aContainers
_xDesign and construction
_9161302
650 1 3 _aPackaging
_xDesign
_9161305
650 1 3 _aPaperboard
_9161306
700 1 _aMingramm M., Gonzalo
_9161307
_eilustrador
700 1 _aPeña Del Olmo, Magali
_9161308
_eilustradora
830 0 _9153251
_aSerie A : Aplicaciones e investigaciones en envase y embalaje (IMPEE)
901 _a676.32 R63 2010
902 _aA
905 _a5232272010 mx admn8222223322spa16
942 _cLIBRO
_2ddc
999 _c177476
_d177476